000 00216 a2200097 4500
001 5941
100 _aMilne-Thompson,LM
245 _aCalculus of finite differences
260 _a
_bMacmillan
_c
090 _c4849
_d4849
942 _aNUST-CAE
_cM
_c31210
999 _c241014
_d241014